000 00457nam a2200169Ia 4500
003 GCL
008 140319s9999 xx 000 0 ara d
040 _aGCL /
_cGCL
082 0 4 _aد
_b050
_bد هـ
100 1 _aدار الهلال
245 1 0 _aالهلال /
_cدار الهلال
650 0 4 _aالفن الحديث
650 0 4 _aالدوريات
650 0 4 _aالمسرح الامريكى
650 0 4 _aبيكاسو، بابلو
942 _2ddc
_cBK
999 _c27422
_d27422